000 00479cam a2200145 4500500
005 20260111093621.0
041 _afre
042 _adc
100 1 0 _aMiossec, Alain
_eauthor
245 0 0 _aMikaa Mered, les mondes polaires, PUF, 525 pages, 2019, 25 €
260 _c2020.
500 _a89
786 0 _nLa Géographie | 1576 | 1 | 2020-01-01 | p. 50j-57j | 1964-9002
856 4 1 _uhttps://shs.cairn.info/revue-la-geographie-2020-1-page-50j?lang=fr&redirect-ssocas=7080
999 _c1626811
_d1626811